Las obras de maestro Fernan Perez de Oliva ... y juntamente quince Discursos ... / (Record no. 161799)

MARC details
000 -LEADER
campo de control de longitud fija 01298nam a22002535i 4500
001 - NÚMERO DE CONTROL
campo de control 161799
003 - IDENTIFICADOR DE NÚMERO DE CONTROL
campo de control ES-MaACL
005 - FECHA Y HORA DE LA ÚLTIMA TRANSACCIÓN
campo de control 20251120063146.0
008 - DATOS DE LONGITUD FIJA--INFORMACIÓN GENERAL
campo de control de longitud fija 010214s1787 sp |||| | spa d
040 ## - FUENTE DE CATALOGACIÓN
Centro catalogador/agencia de origen CCPB | B
Lengua de catalogación spa
Centro/agencia transcriptor CCPB | B
100 1# - ENTRADA PRINCIPAL--NOMBRE DE PERSONA
Nombre de persona Pérez de Oliva, Fernán,
Fechas asociadas al nombre 1494-1531
9 (RLIN) 90800
245 14 - MENCIÓN DEL TÍTULO
Título Las obras de maestro Fernan Perez de Oliva ... y juntamente quince Discursos ... /
Mención de responsabilidad, etc. compuestos por ... Ambrosio de Morales ... ; La Devisa que hizo para el Señor D. Juan de Austria ; la Tabla de Cebes que trasladó de griego en Castellano ... . Y un discurso del Lic. Pedro de Valles ... tomo segundo.
250 ## - MENCION DE EDICION
Mención de edición Dalas a la luz en esta segunda edición
Resto de la mención de edición D.A.V.C.
260 ## - PUBLICACIÓN, DISTRIBUCIÓN, ETC.
Lugar de publicación, distribución, etc. En Madrid :
Nombre del editor, distribuidor, etc. en la imprenta de Benito Cano :
-- se hallará en las librerías de D. Antonio del Castillo ... y en la de D. Valentín Frances ...,
Fecha de publicación, distribución, etc. 1787.
300 ## - DESCRIPCIÓN FÍSICA
Extensión [10], 386 p. ;
Dimensiones 16 cm.
530 ## - NOTA DISPONIBLE DE FORMULARIO FÍSICO ADICIONAL
Nota de formato físico adicional disponible Disponible en formato digital.
597 #1 - NOTA DE DESCRIPCIÓN FÍSICA
NOTA DE DESCRIPCIÓN FÍSICA Sign.: []5, A-2A8, 2B1.
700 11 - ENTRADA AGREGADA--NOMBRE PERSONAL
Nombre de persona Morales, Ambrosio de,
Fechas asociadas al nombre 1513-1591
9 (RLIN) 82970
700 11 - ENTRADA AGREGADA--NOMBRE PERSONAL
Nombre de persona Valles, Pedro de.
9 (RLIN) 133522
852 ## - LOCALIZACIÓN
Ubicación ES-MaACL
Número de control de estantería R-534
Nota libre -- Enc. pasta española
Encuadernación Olim: G-517
856 ## - LOCALIZACIÓN Y ACCESO ELECTRÓNICOS
Identificador Uniforme de Recursos <a href="http://bdh-rd.bne.es/viewer.vm?id=0000144496&page=1 ">http://bdh-rd.bne.es/viewer.vm?id=0000144496&page=1 </a>
Nota pública Biblioteca Digital Hispánica
942 ## - ELEMENTOS DE ENTRADA SECUNDARIOS (KOHA)
Fuente del sistema de clasificación o colocación Clasificación decimal universal
Holdings
Estatus retirado Estado de pérdida Estado de daño No para préstamo Colección Biblioteca de origen Biblioteca actual Ubicación en estantería Fecha de adquisición Fuente de adquisición Total de préstamos Signatura topográfica completa Código de barras Visto por última vez Precio de reemplazo Tipo de ítem Koha
        Colección digital Biblioteca del Ateneo de Madrid Biblioteca del Ateneo de Madrid Depósito 17/01/2008     R-534 1169487 23/02/2023 23/02/2023 Libro impreso antiguo